[Event "1st Livingston Chess Congress"]
[Site "Livingston, England"]
[Date "2016.01.29"]
[Round "1.1"]
[White "Campbell, Duncan A F"]
[Black "Greet, Andrew N"]
[Result "0-1"]
[WhiteElo "1955"]
[BlackElo "2441"]
[PlyCount "60"]
[EventDate "2016.??.??"]
[WhiteClock "0:45:19"]
[BlackClock "1:01:22"]

1. e4 e6 2. d4 d5 3. Nd2 c5 4. exd5 Qxd5 5. dxc5 Nf6 6. Ngf3 Qxc5 7. Nb3 Qc7 8.
Bb5+ Nbd7 9. Qd4 Qxc2 10. Be3 Qe4 11. Rc1 Qxd4 12. Bxd4 a6 13. Bd3 Bd6 14. O-O
O-O 15. Rfd1 Nd5 16. Be4 Bf4 17. Rc2 N7f6 18. Bd3 Nb4 19. Rc4 Nxd3 20. Bxf6
gxf6 21. Rxd3 e5 22. g3 Bh6 23. Rd6 Be6 24. Rc3 Rfd8 25. Rcd3 Rxd6 26. Rxd6 Rc8
27. Nfd2 Rc2 28. Ne4 Kg7 29. Nec5 Bh3 30. Nd3 Re2 0-1

[Event "1st Livingston Chess Congress"]
[Site "Livingston, England"]
[Date "2016.01.29"]
[Round "1.2"]
[White "Lauridsen, Jesper Morch"]
[Black "Wynarczyk, Raymond"]
[Result "1-0"]
[WhiteElo "2320"]
[BlackElo "1950"]
[PlyCount "41"]
[EventDate "2016.??.??"]
[WhiteClock "0:46:59"]
[BlackClock "1:03:29"]

1. e4 c5 2. Nf3 e6 3. d4 cxd4 4. Nxd4 Nf6 5. Nc3 d6 6. g4 Nc6 7. g5 Nd7 8. Be3
Be7 9. h4 a6 10. Qh5 Nxd4 11. Bxd4 e5 12. Be3 Qa5 13. Bc4 g6 14. Qf3 Rf8 15.
O-O-O Nb6 16. Bxb6 Qxb6 17. Nd5 Qc5 18. Nxe7 Qxc4 19. Nd5 Ra7 20. Qf6 b6 21.
Qxd6 1-0

[Event "1st Livingston Chess Congress"]
[Site "Livingston, England"]
[Date "2016.01.29"]
[Round "1.3"]
[White "McGeoch, Kenny R"]
[Black "Sanchez, Botella Luis Javier"]
[Result "0-1"]
[WhiteElo "1946"]
[BlackElo "2265"]
[PlyCount "66"]
[EventDate "2016.??.??"]
[WhiteClock "1:07:54"]
[BlackClock "0:45:56"]

1. c4 b6 2. Nc3 e6 3. g3 Bb7 4. e4 Bb4 5. Nge2 h5 6. h4 Nh6 7. a3 Bxc3 8. Nxc3
Ng4 9. Bg2 c5 10. d3 Nc6 11. Bg5 f6 12. Bf4 Nd4 13. Bd6 Kf7 14. b4 Rc8 15. bxc5
bxc5 16. O-O e5 17. Rb1 Ba8 18. Bh3 Re8 19. Na4 Qa5 20. Nxc5 Rxc5 21. Bxg4 hxg4
22. Qxg4 Rcc8 23. f4 Qd2 24. fxe5 Ne2+ 25. Kh1 Qxd3 26. Kh2 Qxe4 27. Qxe4 Bxe4
28. Rbe1 Bd3 29. c5 Bb5 30. exf6 gxf6 31. g4 Re4 32. Kh3 Rh8 33. h5 Rg8 0-1

[Event "1st Livingston Chess Congress"]
[Site "Livingston, England"]
[Date "2016.01.29"]
[Round "1.4"]
[White "Orr, Mark J L"]
[Black "Koehn, Lennart"]
[Result "1-0"]
[WhiteElo "2222"]
[BlackElo "1905"]
[PlyCount "85"]
[EventDate "2016.??.??"]
[WhiteClock "0:52:40"]
[BlackClock "0:58:08"]

1. c4 c5 2. Nf3 Nf6 3. Nc3 Nc6 4. e3 g6 5. d4 cxd4 6. exd4 d5 7. c5 Ne4 8. Bb5
Nxc3 9. bxc3 Bg7 10. O-O O-O 11. h3 Qa5 12. Qa4 Qxa4 13. Bxa4 Bf5 14. Re1 e6
15. Bxc6 bxc6 16. Bf4 Rfe8 17. g4 Be4 18. Nd2 f6 19. Nxe4 dxe4 20. Rxe4 g5 21.
Bd6 f5 22. Re2 Bf8 23. Bxf8 Kxf8 24. Rb1 fxg4 25. hxg4 Re7 26. Re5 h6 27. Kg2
Kg7 28. Rbe1 Kf6 29. f4 gxf4 30. Rh1 Kg6 31. Kf3 Rb8 32. Reh5 Rh7 33. g5 Rb2
34. gxh6 Rxa2 35. Kxf4 Rf2+ 36. Ke5 Rf5+ 37. Rxf5 exf5 38. Rg1+ Kf7 39. Kxf5
Rxh6 40. Ra1 Rh3 41. Rxa7+ Ke8 42. Ke6 Re3+ 43. Kd6 1-0

[Event "1st Livingston Chess Congress"]
[Site "Livingston, England"]
[Date "2016.01.29"]
[Round "1.5"]
[White "Robinson, Stephen"]
[Black "Robertson, Ian C"]
[Result "0-1"]
[WhiteElo "1838"]
[BlackElo "2151"]
[PlyCount "78"]
[EventDate "2016.??.??"]
[WhiteClock "1:15:53"]
[BlackClock "0:23:37"]

1. d4 d5 2. Bg5 h6 3. Bf4 c5 4. Nc3 cxd4 5. Qxd4 Nf6 6. Bxb8 Rxb8 7. Qxa7 Bd7
8. O-O-O e6 9. e4 Bb4 10. Nge2 dxe4 11. Rd4 Ba5 12. Rd6 Bc7 13. Rd1 Bb6 14. Qa3
Qe7 15. Qxe7+ Kxe7 16. f3 exf3 17. gxf3 Bc6 18. Bg2 Ng4 19. Nd4 Nf2 20. Nxc6+
bxc6 21. Ne4 Nxh1 22. Rxh1 Rhd8 23. c4 f5 24. Nc3 Be3+ 25. Kb1 Rd2 26. Nd1 Bd4
27. Bh3 Bxb2 28. Nxb2 Rbxb2+ 29. Kc1 Rxh2 30. Rg1 Rxa2 31. Bxf5 exf5 32. Re1+
Rhe2 33. Kd1 Rxe1+ 34. Kxe1 h5 35. Kf1 h4 36. Kg1 h3 37. c5 f4 38. Kh1 Kf6 39.
Kg1 Kg5 0-1

[Event "1st Livingston Chess Congress"]
[Site "Livingston, England"]
[Date "2016.01.29"]
[Round "1.6"]
[White "Moreby, James"]
[Black "Pannwitz, Kai"]
[Result "1-0"]
[WhiteElo "2030"]
[BlackElo "1786"]
[PlyCount "65"]
[EventDate "2016.??.??"]
[WhiteClock "0:49:22"]
[BlackClock "0:53:53"]

1. c4 g6 2. Nc3 c5 3. g3 Bg7 4. Bg2 Nc6 5. Nf3 d6 6. O-O Bf5 7. d3 Qd7 8. Re1
Bh3 9. Bh1 h5 10. Ne4 Nh6 11. Rb1 a5 12. Bd2 f6 13. Bc3 Nf5 14. d4 cxd4 15.
Nxd4 h4 16. Nxc6 bxc6 17. Qa4 Rc8 18. Rbd1 hxg3 19. hxg3 Qe6 20. c5 d5 21. Rxd5
Kf7 22. Rd3 Bf1 23. Qb3 Qxb3 24. axb3 Bh3 25. Bxa5 Nh6 26. Red1 Be6 27. b4 Bd5
28. Bf3 Ke6 29. Nc3 Bb3 30. R1d2 Nf7 31. Nb5 Bc4 32. Nd4+ Kd7 33. Rc3 1-0

[Event "1st Livingston Chess Congress"]
[Site "Livingston, England"]
[Date "2016.01.29"]
[Round "1.7"]
[White "Gray, Euan"]
[Black "Bhopal, Raj"]
[Result "1-0"]
[WhiteElo "1698"]
[BlackElo "2002"]
[PlyCount "117"]
[EventDate "2016.??.??"]

1. d4 d5 2. c4 e6 3. Nc3 c5 4. cxd5 exd5 5. Nf3 Nc6 6. g3 Nf6 7. Bg2 Be7 8. O-O
O-O 9. dxc5 Bxc5 10. b3 Re8 11. Bb2 a6 12. Rc1 Ba7 13. Qc2 Bg4 14. Rfd1 Bh5 15.
e3 Rc8 16. Rd2 Nb4 17. Qd1 Qe7 18. a3 d4 19. exd4 Nbd5 20. Nxd5 Nxd5 21. Rxc8
Rxc8 22. Qe1 Qd8 23. Qe5 Nf6 24. Nh4 Qb6 25. b4 Re8 26. Qc5 Re1+ 27. Bf1 Bg4
28. Ng2 Rb1 29. Qc2 Rxb2 30. Qxb2 Ne4 31. Rd3 Ng5 32. Ne1 Qf6 33. Bg2 Ne6 34.
Nc2 h5 35. Bxb7 Be2 36. Rd2 Bf3 37. Bxf3 Qxf3 38. Ne1 Qd5 39. Qa2 Qg5 40. d5
Nf4 41. Qc2 Nh3+ 42. Kf1 Qg4 43. f3 Qg5 44. Qd3 Qd8 45. Qxa6 Be3 46. Re2 Bd4
47. Qc6 Kh7 48. Qc2+ g6 49. Qe4 Qb6 50. Qe8 Bg7 51. Qe3 Bd4 52. Qd3 Bf2 53. Kg2
Bxe1 54. Kxh3 Qg1 55. Rg2 Qa7 56. Re2 Qg1 57. Re7 Kg7 58. Qe2 Bf2 59. d6 1-0

[Event "1st Livingston Chess Congress"]
[Site "Livingston, England"]
[Date "2016.01.29"]
[Round "1.8"]
[White "Groves, Carey"]
[Black "Logue, David"]
[Result "1-0"]
[WhiteElo "1982"]
[BlackElo "1697"]
[PlyCount "53"]
[EventDate "2016.??.??"]
[WhiteClock "0:37:05"]
[BlackClock "0:27:51"]

1. Nf3 Nf6 2. g3 g6 3. Bg2 Bg7 4. O-O O-O 5. d3 d6 6. e4 e5 7. Nc3 Nc6 8. Bg5
h6 9. Be3 Ng4 10. Qd2 Kh7 11. Nd5 f5 12. exf5 Bxf5 13. Nh4 Be6 14. c4 Rb8 15.
Be4 Bf7 16. h3 Nxe3 17. fxe3 Be8 18. Rxf8 Bxf8 19. Rf1 Be7 20. Nxg6 Kg7 21.
Ngxe7 Nxe7 22. Qf2 Ng6 23. Nf6 Qe7 24. Qf5 Bf7 25. h4 Qe6 26. Nh5+ Kg8 27. Qxe6
1-0

[Event "1st Livingston Chess Congress"]
[Site "Livingston, England"]
[Date "2016.01.29"]
[Round "1.9"]
[White "Dabos, - Doukas Ioannis"]
[Black "Abdulla, Murad"]
[Result "0-1"]
[WhiteElo "1674"]
[BlackElo "1977"]
[PlyCount "96"]
[EventDate "2016.??.??"]
[WhiteClock "0:01:03"]
[BlackClock "0:03:47"]

1. d4 Nf6 2. Nf3 g6 3. Nc3 d5 4. Bf4 c6 5. e3 Bg7 6. Be2 Nbd7 7. h3 O-O 8. O-O
b5 9. Ne5 Qb6 10. a4 Nxe5 11. Bxe5 b4 12. a5 Qd8 13. Na2 Qxa5 14. Qe1 c5 15.
dxc5 Qxc5 16. Nxb4 Ne4 17. Bxg7 Kxg7 18. c3 Rb8 19. Qd1 a5 20. Nd3 Qb6 21. Ra2
Ba6 22. Nf4 Bxe2 23. Nxe2 e6 24. Qd4+ Qxd4 25. Nxd4 Rfc8 26. Rd1 Rb6 27. f3 Nd6
28. Rd3 Nc4 29. b3 Ne5 30. Rdd2 Rxc3 31. Rxa5 Rxe3 32. Kf2 Rc3 33. Kg3 Nc6 34.
Nxc6 Rcxc6 35. Rd3 Rc2 36. Ra3 Kf6 37. Ra4 Rb2 38. Ra3 Rc6 39. b4 Rxb4 40. Rac3
Rxc3 41. Rxc3 d4 42. Rd3 Ke5 43. Ra3 Rb7 44. Ra5+ Kd6 45. Ra3 Kd5 46. f4 Ke4
47. Ra4 Ke3 48. Ra2 d3 0-1

[Event "1st Livingston Chess Congress"]
[Site "Livingston, England"]
[Date "2016.01.29"]
[Round "1.10"]
[White "Thomson, Neil"]
[Black "McGillivray, Calum"]
[Result "1-0"]
[WhiteElo "1962"]
[BlackElo "1649"]
[PlyCount "37"]
[EventDate "2016.??.??"]

1. e4 c6 2. d4 d5 3. exd5 cxd5 4. c4 dxc4 5. Bxc4 e6 6. Nf3 Bd6 7. O-O Nf6 8.
Nc3 O-O 9. a3 a6 10. Re1 Qc7 11. Ba2 b5 12. Bg5 Nbd7 13. Rc1 Qb8 14. d5 Bb7 15.
dxe6 fxe6 16. Rxe6 Bxh2+ 17. Nxh2 Kh8 18. Qd6 Qa7 19. Be3 1-0

[Event "1st Livingston Chess Congress"]
[Site "Livingston, England"]
[Date "2016.01.29"]
[Round "1.11"]
[White "Smith, Callum"]
[Black "Will, Douglas"]
[Result "1/2-1/2"]
[WhiteElo "1626"]
[BlackElo "1960"]
[PlyCount "56"]
[EventDate "2016.??.??"]

1. e4 e5 2. Nf3 Nc6 3. d4 exd4 4. Nxd4 Nf6 5. Nc3 Nxe4 6. Nxe4 Qe7 7. Bd3 Nxd4
8. O-O d5 9. Nc3 Be6 10. Re1 O-O-O 11. Bf4 Qh4 12. Bg3 Qg4 13. Qd2 Bd6 14. Re3
Bf4 15. Bxf4 Qxf4 16. Rd1 h5 17. b3 Nxb3 18. cxb3 d4 19. Rf3 Qxd2 20. Rxd2 dxc3
21. Rc2 Rd6 22. Rxc3 Rhd8 23. h3 g5 24. Bf5 Bxf5 25. Rxf5 f6 26. a4 g4 27. Rxh5
gxh3 28. Rhxh3 Rd1+ 1/2-1/2

[Event "1st Livingston Chess Congress"]
[Site "Livingston, England"]
[Date "2016.01.30"]
[Round "2.1"]
[White "Greet, Andrew N"]
[Black "Groves, Carey"]
[Result "1-0"]
[WhiteElo "2441"]
[BlackElo "1982"]
[PlyCount "53"]
[EventDate "2016.??.??"]
[WhiteClock "1:09:10"]
[BlackClock "0:52:54"]

1. d4 Nf6 2. c4 g6 3. g3 Bg7 4. Bg2 c5 5. Nf3 O-O 6. Nc3 cxd4 7. Nxd4 Nc6 8.
O-O Nxd4 9. Qxd4 d6 10. Qd3 Rb8 11. Bd2 b6 12. Rac1 Bb7 13. e4 Nd7 14. b3 Nc5
15. Qe2 Qd7 16. Rfd1 f5 17. exf5 Bxg2 18. Kxg2 Rxf5 19. b4 Re5 20. Be3 Qb7+ 21.
f3 Ne6 22. Nd5 Rf8 23. f4 Nxf4+ 24. gxf4 Rxf4 25. Kg1 Rfe4 26. Qf3 e6 27. Nc3
1-0

[Event "1st Livingston Chess Congress"]
[Site "Livingston, England"]
[Date "2016.01.30"]
[Round "2.2"]
[White "Abdulla, Murad"]
[Black "Lauridsen, Jesper Morch"]
[Result "1/2-1/2"]
[WhiteElo "1977"]
[BlackElo "2320"]
[PlyCount "30"]
[EventDate "2016.??.??"]
[WhiteClock "0:35:22"]
[BlackClock "1:27:31"]

1. e4 c5 2. Nf3 d6 3. d4 cxd4 4. Nxd4 Nf6 5. Nc3 g6 6. Be3 Bg7 7. f3 O-O 8. Qd2
Nc6 9. Bc4 Nd7 10. h4 Na5 11. Bxf7+ Rxf7 12. Ne6 Qe8 13. Nc7 Qd8 14. Ne6 Qe8
15. Nc7 Qd8 1/2-1/2

[Event "1st Livingston Chess Congress"]
[Site "Livingston, England"]
[Date "2016.01.30"]
[Round "2.3"]
[White "Sanchez, Botella Luis Javier"]
[Black "Moreby, James"]
[Result "1-0"]
[WhiteElo "2265"]
[BlackElo "2030"]
[PlyCount "57"]
[EventDate "2016.??.??"]
[WhiteClock "0:44:11"]
[BlackClock "0:16:26"]

1. Nf3 c5 2. c4 Nc6 3. b3 Nf6 4. Bb2 e6 5. g3 Be7 6. Bg2 O-O 7. O-O d5 8. cxd5
Nxd5 9. a3 Bf6 10. Nc3 b6 11. Rc1 Bb7 12. Qc2 Nxc3 13. dxc3 Qe7 14. Nd2 g6 15.
e4 Rfd8 16. f4 e5 17. Rf2 Bg7 18. Bf1 f6 19. Bc4+ Kh8 20. Bd5 Na5 21. fxe5 Bxd5
22. exd5 fxe5 23. c4 Nb7 24. Re1 Nd6 25. Rfe2 Nf5 26. Nf3 Qc7 27. Bxe5 Bxe5 28.
Rxe5 Ng7 29. Qc3 1-0

[Event "1st Livingston Chess Congress"]
[Site "Livingston, England"]
[Date "2016.01.30"]
[Round "2.4"]
[White "Gray, Euan"]
[Black "Orr, Mark J L"]
[Result "0-1"]
[WhiteElo "1698"]
[BlackElo "2222"]
[PlyCount "84"]
[EventDate "2016.??.??"]
[WhiteClock "0:02:21"]
[BlackClock "0:06:38"]

1. d4 Nf6 2. c4 e6 3. Nc3 d5 4. cxd5 exd5 5. Bg5 Be7 6. e3 Nbd7 7. Bd3 c6 8.
Nge2 Nh5 9. Bxe7 Qxe7 10. Qc2 g6 11. O-O O-O 12. Rae1 Nb6 13. Nc1 f5 14. f3 Qg7
15. Nb3 Be6 16. a4 Rae8 17. Rd1 Kh8 18. Be2 Bg8 19. e4 fxe4 20. fxe4 Rxf1+ 21.
Bxf1 dxe4 22. Nc5 Nd5 23. Qb1 e3 24. Qc2 e2 25. Bxe2 Ne3 26. Qd2 Nxd1 27. Bxd1
Rd8 28. Ne2 b6 29. Ne4 c5 30. Qg5 Rd5 31. Qg4 cxd4 32. Bb3 Rd8 33. Qh4 Re8 34.
Bxg8 Kxg8 35. g4 Qe5 36. N2g3 Nxg3 37. Nf6+ Kf7 38. Nxe8 Ne2+ 39. Kf1 Kxe8 40.
Qxh7 Nf4 41. Qg8+ Ke7 42. Qh7+ Kd6 0-1

[Event "1st Livingston Chess Congress"]
[Site "Livingston, England"]
[Date "2016.01.30"]
[Round "2.5"]
[White "Robertson, Ian C"]
[Black "Thomson, Neil"]
[Result "1-0"]
[WhiteElo "2151"]
[BlackElo "1962"]
[PlyCount "65"]
[EventDate "2016.??.??"]
[WhiteClock "0:03:48"]
[BlackClock "0:00:44"]

1. c4 Nf6 2. Nc3 g6 3. g3 Bg7 4. Bg2 O-O 5. e4 d6 6. Nge2 e5 7. O-O c6 8. h3
Be6 9. d3 Ne8 10. Be3 h6 11. Qd2 Kh7 12. Kh2 Nd7 13. b3 f5 14. exf5 gxf5 15. d4
Nef6 16. Rad1 Bf7 17. dxe5 dxe5 18. f4 e4 19. Nd4 Qa5 20. Nxe4 Qxd2 21. Nxd2
Bg6 22. N2f3 Rae8 23. Bg1 c5 24. Nb5 Re2 25. Rf2 Rxf2 26. Bxf2 a6 27. Nd6 b6
28. Nh4 Nh5 29. Nxg6 Kxg6 30. Nxf5 Kxf5 31. Rxd7 Ke6 32. Rb7 Bc3 33. Rxb6+ 1-0

[Event "1st Livingston Chess Congress"]
[Site "Livingston, England"]
[Date "2016.01.30"]
[Round "2.7"]
[White "Frew, Elliot"]
[Black "Mayo, Kevin"]
[Result "1-0"]
[WhiteElo "2111"]
[BlackElo "1768"]
[PlyCount "81"]
[EventDate "2016.??.??"]

1. e4 c5 2. Nf3 e6 3. b3 d5 4. Bb5+ Bd7 5. Bxd7+ Qxd7 6. exd5 exd5 7. O-O Nc6
8. Re1+ Nge7 9. Ba3 b6 10. d4 Qd6 11. Nc3 Nb4 12. dxc5 bxc5 13. Bxb4 cxb4 14.
Qxd5 O-O-O 15. Qc4+ Qc7 16. Qxc7+ Kxc7 17. Ne4 Nf5 18. Ne5 Nh6 19. Rac1 Kb7 20.
Ng5 Bc5 21. Nd3 Bd4 22. Re7+ Kb8 23. Nxf7 Nxf7 24. Rxf7 a5 25. Rf5 Bb6 26. Re1
Rhe8 27. Rxe8 Rxe8 28. Kf1 Rc8 29. Ne1 Rc7 30. Ke2 g6 31. Re5 Kb7 32. f4 Ka6
33. Kd2 Bd4 34. Re6+ Kb7 35. Nd3 Rd7 36. g4 Kc7 37. Ke2 Bc3 38. Ra6 Re7+ 39.
Kf3 Bd4 40. Ne5 Bxe5 41. Ra7+ 1-0

[Event "1st Livingston Chess Congress"]
[Site "Livingston, England"]
[Date "2016.01.30"]
[Round "2.8"]
[White "James, Chris"]
[Black "Archibong, Ubong S"]
[Result "0-1"]
[WhiteElo "1855"]
[BlackElo "2026"]
[PlyCount "117"]
[EventDate "2016.??.??"]
[WhiteClock "0:03:29"]
[BlackClock "0:57:55"]

1. e4 c5 2. Nf3 d6 3. c3 Nf6 4. Be2 e6 5. O-O Be7 6. Qc2 O-O 7. d4 Nc6 8. h3 e5
9. d5 Nb8 10. b4 Nbd7 11. Be3 Qc7 12. b5 Re8 13. Nbd2 Nf8 14. Nh4 Nxd5 15. Nf5
Nxe3 16. Nxe3 Be6 17. Bc4 Bg5 18. Nd5 Qd7 19. Nf3 Bh6 20. Rad1 Ng6 21. b6 Bxd5
22. Rxd5 Nf4 23. Rdd1 axb6 24. Rb1 d5 25. exd5 Qd6 26. Rfe1 e4 27. Rxe4 Nxh3+
28. Kf1 Nf4 29. g3 Nh5 30. Kg2 Nf6 31. Rxe8+ Rxe8 32. Qb3 Nd7 33. Bb5 Rd8 34.
Bxd7 Qxd7 35. c4 Ra8 36. Qxb6 Rb8 37. Qxc5 g6 38. Rb6 Bf8 39. Qb5 Qc7 40. Qb3
Bc5 41. Rb5 b6 42. Qd3 Qe7 43. Nd2 Re8 44. d6 Qe1 45. Rxc5 bxc5 46. d7 Rd8 47.
Ne4 Kg7 48. Nxc5 Qe7 49. Qd5 h5 50. a4 Kh7 51. a5 h4 52. g4 f5 53. a6 fxg4 54.
a7 h3+ 55. Kh2 Qf6 56. Ne4 Qf4+ 57. Ng3 Qxf2+ 58. Kh1 Rf8 59. Qd3 0-1

[Event "1st Livingston Chess Congress"]
[Site "Livingston, England"]
[Date "2016.01.30"]
[Round "2.9"]
[White "Will, Douglas"]
[Black "McLean, Ian"]
[Result "0-1"]
[WhiteElo "1960"]
[BlackElo "1946"]
[PlyCount "96"]
[EventDate "2016.??.??"]
[WhiteClock "0:04:33"]
[BlackClock "0:12:13"]

1. e4 c5 2. Nc3 e6 3. f4 Nc6 4. Nf3 d6 5. Bb5 Bd7 6. O-O Nf6 7. d3 Be7 8. h3
Nd4 9. Bxd7+ Nxd7 10. Be3 Nxf3+ 11. Qxf3 O-O 12. Rae1 Qb6 13. b3 Bf6 14. e5
dxe5 15. Ne4 Be7 16. fxe5 Nxe5 17. Qh5 Nd7 18. Ng5 Bxg5 19. Bxg5 f6 20. Bf4 e5
21. Bd2 Qc6 22. Re4 g6 23. Qh6 Rf7 24. Rh4 Qe6 25. Rf3 f5 26. Bc3 Re8 27. Qe3
b5 28. g4 f4 29. Qe1 g5 30. Rh5 Rg7 31. Qf2 Rg6 32. Bb2 Nf6 33. Qxc5 Qb6 34. d4
Qxc5 35. dxc5 Nxh5 36. gxh5 Rc6 37. b4 e4 38. Rf1 Rd8 39. Bc3 Ra6 40. h4 h6 41.
hxg5 hxg5 42. h6 Rxh6 43. Be5 Re6 44. Bd6 Kf7 45. Kf2 Rh8 46. Ke1 Rh2 47. Rg1
Kf6 48. Kd1 Kf5 0-1

[Event "1st Livingston Chess Congress"]
[Site "Livingston, England"]
[Date "2016.01.30"]
[Round "2.10"]
[White "Ridge, Michael"]
[Black "Wilson, Ewan"]
[Result "0-1"]
[WhiteElo "1921"]
[BlackElo "1951"]
[PlyCount "104"]
[EventDate "2016.??.??"]

1. c4 Nf6 2. Nc3 e5 3. Nf3 d6 4. d4 exd4 5. Nxd4 Be7 6. g3 O-O 7. Bg2 Re8 8.
O-O Nbd7 9. b3 a5 10. Bb2 Nc5 11. a3 Bf8 12. Qc2 Qe7 13. Rac1 Rb8 14. b4 axb4
15. axb4 Nce4 16. Nd5 Qd8 17. f3 Ng5 18. e4 Bh3 19. Nxf6+ gxf6 20. Bxh3 Nxh3+
21. Kg2 Ng5 22. Nf5 b5 23. c5 dxc5 24. bxc5 Ne6 25. Rfd1 Qc8 26. Bxf6 Nxc5 27.
Qd2 Ne6 28. e5 c5 29. Nh6+ Bxh6 30. Qxh6 Rb6 31. Rd4 cxd4 32. Rxc8 Rxc8 33. f4
Rc2+ 34. Kh3 Ra6 35. f5 Raa2 36. Bh4 Ng7 37. Qg5 h5 38. g4 Rxh2+ 39. Kg3 Rag2+
40. Kf3 Rxg4 41. Qd8+ Kh7 42. Bf6 Rh3+ 43. Kf2 Rh2+ 44. Kf3 d3 45. e6 fxe6 46.
fxe6 Nxe6 47. Qxd3+ Kh6 48. Qe3+ Nf4 49. Ke4 Re2 50. Qxe2 Nxe2+ 51. Kf3 Rf4+
52. Kxe2 Rxf6 0-1

[Event "1st Livingston Chess Congress"]
[Site "Livingston, England"]
[Date "2016.01.30"]
[Round "2.11"]
[White "Walker, Duncan"]
[Black "Smith, Callum"]
[Result "1-0"]
[WhiteElo "1929"]
[BlackElo "1626"]
[PlyCount "77"]
[EventDate "2016.??.??"]

1. c4 c6 2. d4 d5 3. cxd5 cxd5 4. Nc3 Nf6 5. Nf3 Nc6 6. h3 Bf5 7. Bf4 e6 8. e3
a6 9. Be2 Be7 10. O-O O-O 11. Nh4 Bg6 12. Nxg6 hxg6 13. a3 Rc8 14. Qd3 Na5 15.
b4 Nc4 16. Rfb1 Ne4 17. Nxe4 dxe4 18. Qxe4 Nd2 19. Qxb7 Nxb1 20. Rxb1 Bd6 21.
Bxa6 Rb8 22. Qf3 Bxf4 23. Qxf4 Ra8 24. b5 Qa5 25. Qd6 Rfb8 26. Rc1 Qd2 27. Qc6
Qb2 28. a4 Qa3 29. Rc4 Qa1+ 30. Kh2 Qe1 31. Qf3 Qf1 32. Rc7 Rf8 33. Rxf7 Rxf7
34. Qxa8+ Kh7 35. f3 Qe2 36. Qe4 Qa2 37. Bc8 Qxa4 38. Bxe6 Rf6 39. Qh4# 1-0

[Event "1st Livingston Chess Congress"]
[Site "Livingston, England"]
[Date "2016.01.30"]
[Round "2.12"]
[White "Giulian, Rosemary A"]
[Black "Campbell, Duncan A F"]
[Result "1/2-1/2"]
[WhiteElo "1868"]
[BlackElo "1955"]
[PlyCount "53"]
[EventDate "2016.??.??"]
[WhiteClock "0:39:59"]
[BlackClock "0:40:53"]

1. e4 e6 2. d4 d5 3. Nd2 Nf6 4. e5 Nfd7 5. f4 c5 6. c3 Nc6 7. Ndf3 Qb6 8. a3 a5
9. Ne2 c4 10. Ng3 Ne7 11. Rb1 a4 12. Be3 Nb8 13. Be2 Bd7 14. Qc1 Nbc6 15. Bd1
Na5 16. Bc2 Nb3 17. Qd1 Nf5 18. Nf1 h5 19. Bf2 Be7 20. Bxf5 exf5 21. Bh4 Qh6
22. Bxe7 Kxe7 23. Ne3 Be6 24. g3 b5 25. Nh4 g6 26. Qf3 Rhd8 27. Rd1 1/2-1/2

[Event "1st Livingston Chess Congress"]
[Site "Livingston, England"]
[Date "2016.01.30"]
[Round "2.14"]
[White "Wynarczyk, Raymond"]
[Black "Dabos-Doukas, Ioannis"]
[Result "1/2-1/2"]
[WhiteElo "1950"]
[BlackElo "1674"]
[PlyCount "67"]
[EventDate "2016.??.??"]
[WhiteClock "0:31:09"]
[BlackClock "0:11:41"]

1. e4 c5 2. Nf3 e6 3. d4 cxd4 4. Nxd4 Nc6 5. Nc3 Qc7 6. Be2 Nf6 7. Bg5 Be7 8.
Qd2 a6 9. f4 d6 10. O-O-O Bd7 11. Bf3 Rc8 12. Rhe1 Nxd4 13. Qxd4 Bc6 14. Kb1 b5
15. e5 dxe5 16. fxe5 Ng8 17. Bxe7 Nxe7 18. Qd6 O-O 19. Ne4 Bd5 20. Qxc7 Rxc7
21. Nc3 Rc5 22. Bxd5 Nxd5 23. Nxd5 Rxd5 24. Rxd5 exd5 25. Rd1 Rd8 26. Rd4 Kf8
27. a4 Ke7 28. axb5 axb5 29. Rb4 Rb8 30. b3 Ke6 31. c4 dxc4 32. bxc4 Kxe5 33.
cxb5 Kd5 34. Kc2 1/2-1/2

[Event "1st Livingston Chess Congress"]
[Site "Livingston, England"]
[Date "2016.01.30"]
[Round "2.15"]
[White "Pannwittz, Kia"]
[Black "McGeoch, Kenny R"]
[Result "1-0"]
[WhiteElo "1786"]
[BlackElo "1946"]
[PlyCount "87"]
[EventDate "2016.??.??"]
[WhiteClock "0:11:35"]
[BlackClock "0:09:02"]

1. d4 Nf6 2. c4 g6 3. Nc3 d5 4. Nf3 Bg7 5. Qb3 dxc4 6. Qxc4 O-O 7. e4 c6 8. Be2
b5 9. Qb3 Be6 10. Qc2 Bg4 11. Be3 Nbd7 12. O-O Nb6 13. Rfd1 Rc8 14. Rac1 h6 15.
h3 Be6 16. Ne5 Nfd7 17. Nd3 Nc4 18. Nf4 Nxe3 19. fxe3 Bc4 20. Bxc4 bxc4 21. Na4
Nb6 22. Nxb6 Qxb6 23. Qxc4 Qxb2 24. Nxg6 Rfe8 25. e5 e6 26. Nf4 c5 27. Nd3 Qa3
28. dxc5 Bxe5 29. Nxe5 Qxe3+ 30. Kh1 Qxe5 31. Rd7 Rc7 32. Rxc7 Qxc7 33. c6 e5
34. Qg4+ Kh7 35. Qf5+ Kg7 36. Rc4 Re6 37. Qe4 Kf8 38. a4 a6 39. a5 Rf6 40. Rc1
Kg7 41. Qc4 Rf2 42. Qxa6 Ra2 43. Qb7 Qxa5 44. c7 1-0

[Event "1st Livingston Chess Congress"]
[Site "Livingston, England"]
[Date "2016.01.30"]
[Round "2.16"]
[White "Koehn, Lennart"]
[Black "Robinson, Stephen"]
[Result "1-0"]
[WhiteElo "1905"]
[BlackElo "1839"]
[PlyCount "69"]
[EventDate "2016.??.??"]
[WhiteClock "0:12:50"]
[BlackClock "0:17:31"]

1. e4 e6 2. Qe2 c5 3. Nf3 Nc6 4. g3 g6 5. Bg2 Bg7 6. c3 Nge7 7. O-O d5 8. d3 h6
9. Nbd2 b6 10. Re1 a5 11. a4 Ra7 12. exd5 exd5 13. Nf1 O-O 14. h4 Nf5 15. Bf4
Re7 16. Qd2 Kh7 17. Rxe7 Nfxe7 18. Re1 d4 19. c4 Bd7 20. b3 Bf5 21. N1h2 Nb4
22. Bf1 f6 23. g4 Bd7 24. Bd6 Rf7 25. Qf4 Nc8 26. Bc7 Qf8 27. Qg3 Nc6 28. h5 g5
29. Nd2 Ne5 30. Bxe5 fxe5 31. Bg2 Rf4 32. Be4+ Kh8 33. Re2 Nd6 34. Bg6 Qc8 35.
f3 1-0

[Event "1st Livingston Chess Congress"]
[Site "Livingston, England"]
[Date "2016.01.30"]
[Round "3.1"]
[White "Orr, Mark J L"]
[Black "Greet, Andrew N"]
[Result "0-1"]
[WhiteElo "2222"]
[BlackElo "2441"]
[PlyCount "68"]
[EventDate "2016.??.??"]
[WhiteClock "1:04:44"]
[BlackClock "0:55:07"]

1. c4 e5 2. Nc3 Bb4 3. e3 Bxc3 4. bxc3 d6 5. e4 Ne7 6. g3 O-O 7. Bg2 Nbc6 8.
Ne2 f5 9. d3 fxe4 10. Bxe4 Bf5 11. f3 Bxe4 12. fxe4 Qd7 13. Be3 Rf3 14. Qd2
Raf8 15. O-O-O Na5 16. Rhe1 c5 17. Ng1 R3f7 18. Qb2 a6 19. Re2 b5 20. cxb5 axb5
21. Rf2 Rxf2 22. Bxf2 Nec6 23. Be3 b4 24. c4 Nd4 25. Bxd4 exd4 26. Qg2 Qa4 27.
Qb2 Qd7 28. Qg2 h6 29. Nh3 b3 30. Nf4 Qa4 31. Rd2 Nc6 32. Nd5 Ra8 33. Kb1 bxa2+
34. Ka1 Rb8 0-1

[Event "1st Livingston Chess Congress"]
[Site "Livingston, England"]
[Date "2016.01.30"]
[Round "3.2"]
[White "Robertson, Ian C"]
[Black "Sanchez, Botella Luis Javier"]
[Result "0-1"]
[WhiteElo "2151"]
[BlackElo "2265"]
[PlyCount "82"]
[EventDate "2016.??.??"]
[WhiteClock "0:00:45"]
[BlackClock "0:18:51"]

1. c4 Nf6 2. Nc3 e6 3. e4 c5 4. e5 Ng8 5. d4 cxd4 6. Qxd4 Nc6 7. Qe4 d6 8. Nf3
a6 9. Bg5 Qb6 10. O-O-O dxe5 11. Nxe5 Be7 12. Be3 Qc7 13. Nxc6 Nf6 14. Nd5 Qxc6
15. Nxf6+ Bxf6 16. Qxc6+ bxc6 17. Be2 Bb7 18. Bf3 Rd8 19. Kc2 Be5 20. Bc5 Bc7
21. b4 Ba8 22. Kb3 Rb8 23. Rd3 Bb6 24. Bd6 Rd8 25. c5 Bc7 26. Rhd1 Bxd6 27.
Rxd6 Ke7 28. Ka4 f5 29. Ka5 Rb8 30. Re1 Rb5+ 31. Ka4 Rhb8 32. Rexe6+ Kf7 33. a3
a5 34. Be2 R5b7 35. Bc4 Kf8 36. bxa5 Rb2 37. Re5 Rxf2 38. Rd7 Rf4 39. Rf7+ Kg8
40. Rb7+ Rxc4+ 41. Kb3 Bxb7 0-1